| 000 | 00958nam a2200205Ia 4500 | ||
|---|---|---|---|
| 003 | OSt | ||
| 005 | 20250714140732.0 | ||
| 008 | 210210b2003 xxu||||| |||| 00| 0 eng d | ||
| 040 | _cAL | ||
| 041 | _aKannada | ||
| 082 | _aK894.8 SAMA | ||
| 100 |
_aSAMAGRA DASA SAHITYA. _9151166 _dಸಮಗ್ರ ದಾಸ ಸಾಹಿತ್ಯ |
||
| 245 |
_aSamagra dasa sahitya: samputa; 30, Shri Shamasundaravithalaru, Shri Thimmappadasaru mattu ithara haridasara kirthanegalu. _bಸಮಗ್ರ ದಾಸ ಸಾಹಿತ್ಯ : ಸಂಪುಟ ೩೦, ಶ್ರೀ ಶಾಮಸುಂದರವಿಠಲದಾಸರು, ಶ್ರೀ ತಿಮ್ಮಪ್ಪದಾಸರು ಮತ್ತು ಇತರ ಹರಿದಾಸರ ಕೀರ್ತನೆಗಳು |
||
| 260 |
_aBengaluru _bKannada mattu Samskrati Nirdeshanalalya _c2003 |
||
| 300 | _a109,639 | ||
| 650 |
_aDasasahitya _9151167 |
||
| 690 |
_aKannada Miscellaneous _9151168 |
||
| 906 | _a059406 | ||
| 942 |
_2ddc _cBK |
||
| 999 |
_c106718 _d106718 |
||